Tribhuvan University Central Library

A short history of Nepal;from ancient to modern times (Record no. 107629)

MARC details
000 -LEADER
fixed length control field 00462nam a22001577a 4500
008 - FIXED-LENGTH DATA ELEMENTS--GENERAL INFORMATION
fixed length control field 230214b |||||||| |||| 00| 0 eng d
020 ## - INTERNATIONAL STANDARD BOOK NUMBER
International Standard Book Number 9788182500174
082 ## - DEWEY DECIMAL CLASSIFICATION NUMBER
Classification number 954.96/Up1s
100 ## - MAIN ENTRY--PERSONAL NAME
Personal name Upadhyaya, Shreeram Prasad
245 ## - TITLE STATEMENT
Title A short history of Nepal;from ancient to modern times
260 ## - PUBLICATION, DISTRIBUTION, ETC.
Place of publication, distribution, etc. New Delhi:
Name of publisher, distributor, etc. Nirala Publications,
Date of publication, distribution, etc. 2021.
300 ## - PHYSICAL DESCRIPTION
Other physical details 260p. ; illus.
504 ## - BIBLIOGRAPHY, ETC. NOTE
Bibliography, etc. note Bibliography:p.247-250
650 ## - SUBJECT ADDED ENTRY--TOPICAL TERM
Topical term or geographic name entry element Nepal-history
942 ## - ADDED ENTRY ELEMENTS (KOHA)
Source of classification or shelving scheme Dewey Decimal Classification
Koha item type General Collections
Holdings
Withdrawn status Lost status Source of classification or shelving scheme Damaged status Not for loan Home library Current library Date acquired Total Checkouts Full call number Barcode Date last seen Price effective from Koha item type
    Dewey Decimal Classification     Tribhuvan University Central Library Tribhuvan University Central Library 02/14/2023   954.96/Up1s 165789 02/14/2023 02/14/2023 N
    Dewey Decimal Classification     Tribhuvan University Central Library Tribhuvan University Central Library 02/14/2023   954.96/Up1s 165790 02/14/2023 02/14/2023 N
    Dewey Decimal Classification     Tribhuvan University Central Library Tribhuvan University Central Library 03/22/2023   954.96/Up1s 164264 03/22/2023 03/22/2023 General NC
    Dewey Decimal Classification     Tribhuvan University Central Library Tribhuvan University Central Library 03/22/2023   954.96/Up1s 164265 03/22/2023 03/22/2023 General NC